أزمة مياه حوض النيل والأصابع الاسرائيلية / (رقم التسجيلة. 126482)

تفاصيل مارك
000 -الفاتح
عناصر البيانات ثابتة الطول 00694cam a2200205 i 4500
005 - تاريخ ووقت آخر معاملة
حقل ضبط 20260119125916.0
008 - عناصر البيانات ثابتة الطول
عناصر البيانات ثابتة الطول 250721s2011 sy gr 000 0 ara d
082 14 - رقم تصنيف ديوي العشري
رقم التصنيف 333.910962
رقم المادة ش ر و
100 1# - مدخل رئيسي – اسم شخصي
الاسم الشخصي شروف، عصام
علاقة الشخص بالعمل/ دوره مؤلف.
245 10 - بيان العنوان
العنوان أزمة مياه حوض النيل والأصابع الاسرائيلية /
بيان المسؤولية د.عصام شروف.
264 31 - بيانات النشر، التوزيع…إلخ
مكان النشر، التوزيع...إلخ دمشق :
اسم الناشر، الموزع...إلخ اتحاد الكتاب العرب،
تاريخ النشر، التوزيع...إلخ 2011.
300 ## - الوصف المادي
عدد الوحدات المكونة للوعاء 465 صفحة.
490 1# - بيان السلسلة
عنوان السلسلة سلسة الدراسات ؛
رقم الوعاء في السلسلة رقم 14.
650 17 - مدخل إضافي بالموضوع - مصطلح موضوعي
مصطلح موضوعي أو اسم جغرافي كعنصر مدخل مصر.
650 17 - مدخل إضافي بالموضوع - مصطلح موضوعي
مصطلح موضوعي أو اسم جغرافي كعنصر مدخل المياه.
650 17 - مدخل إضافي بالموضوع - مصطلح موضوعي
مصطلح موضوعي أو اسم جغرافي كعنصر مدخل نهر النيل.
830 #0 - مدخل إضافي بالسلسلة-عنوان مقنن
عنوان السلسسلة الدراسات.
942 ## - بيانات إضافية (كوها)
نوع التنصيف Dewey Decimal Classification
نوع المادة (كوها) كتب
المقتنيات
حالة السحب حالة الفقدان مصدر التصنيف حالة التلف غير قابل للإعارة المكتبة الرئيسية المكتبة الحالية موقع الرف تاريخ التزويد الرقم المتسلسل Total Checkouts رقم الإستدعاء الباركود تاريخ آخر ظهور تاريخ الفاتورة نوع المادة (كوها)
    Dewey Decimal Classification     المكتبة المركزية المكتبة المركزية الإعارة 28/07/2025 1543402   333.910962 / ش ر و PLD00263555 28/07/2025 28/07/2025 كتب
Implemented & Customized by: BBB with SCIT (Smart Chains for Information Technology)

Powered by Koha